000 00569nam a2200205Ia 4500
008 140110s9999 xx 000 0 und d
020 _a9789350231159
_cRs.300.00
040 _aLoreto College
041 _aEnglish
082 _a005.13(J)/STE
_bLCLIB/48866
100 _aStefanov,Stoyan
245 _aJavaScript patterns
_cStoyan Stefanov
260 _aNavi Mumbai
_bShroff Publishers
_c2010
300 _axvi,216p
_c22cm
504 _aIncludes index
650 _aJava programming language
651 _aProgramming languages
850 _aLCLIB
942 _cBK
999 _c37666
_d88145